| 000 | 00983cam a22002891 4500 | ||
|---|---|---|---|
| 001 | 3250 | ||
| 003 | BD-RjUL | ||
| 005 | 20211208233712.0 | ||
| 008 | 131218s1962 ii f000 0 eng | ||
| 035 | _a(BD-RjUL)3284 | ||
| 035 | _a(OCoLC)6694803 | ||
| 040 |
_aDLC _cNIC _dDLC _dBD-RjUL _beng |
||
| 041 | _aeng | ||
| 082 | 0 | 4 |
_a331.2954 _bSEP 1962 |
| 100 | 1 |
_aSethi, R. B. _qSethi, Raghbirlal Bhagatram. _923995 |
|
| 245 | 1 | 4 |
_aThe payment of wages act (Act IV of 1936) and Minimum wages act (Act XI of 1948) _bcontaining exhaustive commentaries on the acts, central and states rules, and various useful appendices, as amended up to date, _cby R.B. Sethi. |
| 250 | _a[2d ed.] | ||
| 260 |
_aAllahbad : _bLaw Book Co., _c1962. |
||
| 300 |
_axxii, 862 p. ; _c25 cm. |
||
| 504 | _aIncludes index. | ||
| 650 | 0 |
_aWages _zIndia. _99368 |
|
| 710 |
_aIndia (Republic) _923996 |
||
| 740 | 0 | _aMinimum wages act. | |
| 942 |
_2ddc _cBK |
||
| 999 |
_c3250 _d3250 |
||